000 01006nam a2200265Ia 4500
003 OSt
005 20220923211134.0
006 a|||||r|||| 00| 0
007 ta
008 220922b |||||||| |||| 00| 0 hin d
020 _a8185671869 (hbk)
_c165
024 _a274,003
037 _b151, 29/08/2013, Swaraj Prakashan
_cTextual
040 _aARTS
_cARTS
_bhin
041 _2hin
_ahin
082 _aO152,2:gN, N7
100 _aलवलीन, लव कुमार
_9158649
245 0 _aसमकालीन हिन्दी नाटक सृष्टि और दृष्टि
246 _aSamakālīn hindī nāṭak sṛuṣhṭi aur dṛuṣhṭi
260 _aदिल्ली
_b भावना प्रकाशन
_c1997
300 _a176पृ.
_ccm.
650 _aहिन्दी साहित्य
_9156264
942 _hO152,2:gN, N7
_cTEXL
_2CC
999 _c295827
_d295827